[Event "Lichtenberger Sommer 2024"]
[Site "Berlin"]
[Date "2024.08.16"]
[Round "7.1"]
[White "Yatskar, Martin"]
[Black "Moser, Axel"]
[Result "1/2-1/2"]
[WhiteElo "2115"]
[BlackElo "2097"]
[PlyCount "61"]
[EventDate "2024.08.10"]
[WhiteTeam "SK König Tegel 1949 e.V."]
[BlackTeam "SC Freibauer Hofstetten"]

1. d4 Nf6 2. Nf3 e6 3. c4 Bb4+ 4. Nbd2 b6 5. a3 Bxd2+ 6. Bxd2 Bb7 7. Bg5 h6 8.
Bh4 g5 9. Bg3 d6 10. e3 Nh5 11. Be2 Nxg3 12. fxg3 g4 13. Nh4 Qg5 14. Qd3 Nd7
15. O-O Rf8 16. b4 f5 17. Kh1 a5 18. Rac1 Be4 19. Qd2 axb4 20. axb4 Ra3 21. Rc3
Ra7 22. c5 Ke7 23. cxd6+ cxd6 24. Bc4 Nf6 25. Rfc1 Rfa8 26. b5 Nd5 27. Bxd5
Bxd5 28. Rc7+ Kf6 29. Rxa7 Rxa7 30. Qc3 Qg8 31. Rf1 1/2-1/2

[Event "Lichtenberger Sommer 2024"]
[Site "Berlin"]
[Date "2024.08.16"]
[Round "7.2"]
[White "Petersen, Soren Boeck"]
[Black "Bui, Bao Anh Le"]
[Result "1/2-1/2"]
[WhiteElo "2156"]
[BlackElo "2177"]
[PlyCount "65"]
[EventDate "2024.08.10"]
[WhiteTeam "vereinslos"]
[BlackTeam "SV Mattnetz Berlin e.V."]

1. e4 c5 2. Nf3 Nf6 3. Nc3 d6 4. d4 cxd4 5. Nxd4 a6 6. Be2 e5 7. Nb3 Be7 8. Be3
Be6 9. Nd5 Nxd5 10. exd5 Bf5 11. Qd2 Nd7 12. Na5 Qc7 13. c4 O-O 14. O-O Nf6 15.
b4 Bd7 16. Rac1 b6 17. Nb3 a5 18. a3 axb4 19. axb4 Ra4 20. f3 Ra3 21. Qb2 Rfa8
22. Ra1 Qa7 23. Bd3 Bd8 24. Qc3 Qc7 25. Rxa3 Rxa3 26. Qb2 Qa7 27. Rb1 Ra2 28.
Qc3 Qc7 29. Rc1 Ra3 30. Qb2 Qa7 31. Rb1 Ra2 32. Qc3 Qc7 33. Rc1 1/2-1/2

[Event "Lichtenberger Sommer 2024"]
[Site "Berlin"]
[Date "2024.08.16"]
[Round "7.3"]
[White "Lange, Malina"]
[Black "Matthes, Aaron"]
[Result "0-1"]
[WhiteElo "1859"]
[BlackElo "2174"]
[PlyCount "152"]
[EventDate "2024.08.10"]
[WhiteTeam "SV Mattnetz Berlin e.V."]
[BlackTeam "SC Kreuzberg e.V."]

1. c4 Nf6 2. Nf3 g6 3. d4 Bg7 4. g3 c6 5. Nc3 d5 6. cxd5 cxd5 7. Bg2 O-O 8. Qb3
Nc6 9. O-O Ne4 10. Rd1 Nxc3 11. bxc3 Na5 12. Qb4 b6 13. Nd2 Bb7 14. Ba3 Re8 15.
e3 e6 16. c4 dxc4 17. Bxb7 Nxb7 18. Nxc4 Qd5 19. Rac1 Rac8 20. Nd6 Nxd6 21.
Qxd6 Bf8 22. Qxd5 exd5 23. Bxf8 Kxf8 24. a4 Ke7 25. a5 b5 26. Rc5 Rxc5 27. dxc5
Ke6 28. e4 dxe4 29. Rd6+ Ke7 30. Ra6 Rc8 31. Rxa7+ Ke6 32. Rb7 Rxc5 33. Kg2 Rc2
34. Rxb5 e3 35. a6 Rxf2+ 36. Kg1 Ra2 37. Rb3 e2 38. Re3+ Kd5 39. a7 Rxa7 40.
Rxe2 Kd6 41. h4 Re7 42. Rd2+ Ke6 43. Re2+ Kf6 44. Rf2+ Kg7 45. Kg2 Re3 46. Ra2
Kh6 47. Ra7 f5 48. Kf2 Rb3 49. Rf7 Ra3 50. h5 g5 51. Rxf5 Kxh5 52. Rb5 Kg4 53.
Rc5 Rf3+ 54. Kg2 Rxg3+ 55. Kh2 Rf3 56. Kg2 Rf4 57. Rc3 h5 58. Rg3+ Kf5 59. Ra3
Kg6 60. Ra6+ Rf6 61. Ra3 h4 62. Kh3 Kh5 63. Ra5 Rf3+ 64. Kg2 Rb3 65. Ra8 Rb2+
66. Kg1 h3 67. Rh8+ Kg4 68. Rg8 Kh4 69. Ra8 g4 70. Ra4 Re2 71. Ra8 Re4 72. Rb8
Ra4 73. Rc8 Ra1+ 74. Kf2 g3+ 75. Kf3 Rf1+ 76. Ke2 g2 0-1

[Event "Lichtenberger Sommer 2024"]
[Site "Berlin"]
[Date "2024.08.16"]
[Round "7.4"]
[White "Das, Soham"]
[Black "Torosyan, Bagrat"]
[Result "1-0"]
[WhiteElo "2334"]
[BlackElo "2126"]
[PlyCount "61"]
[EventDate "2024.08.10"]
[WhiteTeam "SK Tarrasch 1945 München"]
[BlackTeam "TSG Oberschöneweide e.V."]

1. g3 e5 2. Bg2 d5 3. c4 Nf6 4. Qa4+ Bd7 5. Qc2 Bc6 6. Nf3 Nbd7 7. O-O Bd6 8.
cxd5 Nxd5 9. a3 O-O 10. e4 N5f6 11. Nc3 Re8 12. d4 b6 13. Rd1 Qe7 14. dxe5 Nxe5
15. Nd4 Bb7 16. Nf5 Qf8 17. Bg5 Be7 18. Nb5 h6 19. Bf4 Bd8 20. Rac1 Bc6 21.
Bxe5 Bxb5 22. Bc3 Rc8 23. Bb4 c5 24. Nd6 Rb8 25. Nxe8 Qxe8 26. Bc3 c4 27. e5
Ba4 28. Qf5 Bxd1 29. exf6 Qe2 30. fxg7 Qg4 31. Qe5 1-0

[Event "Lichtenberger Sommer 2024"]
[Site "Berlin"]
[Date "2024.08.16"]
[Round "7.5"]
[White "Matitschka, Heinz"]
[Black "Ross, Chris N"]
[Result "1/2-1/2"]
[WhiteElo "1892"]
[BlackElo "2171"]
[PlyCount "129"]
[EventDate "2024.08.10"]
[WhiteTeam "TSG Oberschöneweide e.V."]
[BlackTeam "Hillsborough Chess Club"]

1. d4 Nf6 2. c4 g6 3. Nc3 Bg7 4. Nf3 d6 5. Bg5 Nbd7 6. e3 O-O 7. Be2 c6 8. Qc2
Qc7 9. O-O e5 10. Rfd1 Re8 11. Rac1 Nf8 12. c5 dxc5 13. dxc5 Bf5 14. e4 Bg4 15.
Nd2 Bxe2 16. Nxe2 Ne6 17. Be3 Ng4 18. Nc4 Nxe3 19. Nxe3 Rad8 20. b4 Bh6 21. Rb1
Bxe3 22. fxe3 Rxd1+ 23. Rxd1 Rd8 24. Rd3 Kf8 25. Nc1 a5 26. a3 axb4 27. axb4
Ke7 28. Qc4 h5 29. Qc3 f6 30. h4 Rxd3 31. Nxd3 Qd7 32. Qc2 Qe8 33. Qd1 Qd7 34.
Qe2 Nc7 35. Nf2 Nb5 36. Kh2 Qe6 37. Qd2 Qc4 38. Kh3 Qe6+ 39. Kh2 Qc4 40. Kh3
Qc3 41. Qxc3 Nxc3 42. Kg3 Ke6 43. Kf3 f5 44. exf5+ gxf5 45. e4 Nxe4 46. Nxe4
fxe4+ 47. Kxe4 Kf6 48. Kf3 Kf5 49. Ke3 Kg4 50. Ke4 Kxh4 51. Kxe5 Kg3 52. Kd6
Kxg2 53. Kc7 h4 54. Kxb7 h3 55. Kxc6 h2 56. Kb7 h1=Q 57. c6 Kg3 58. b5 Kf4 59.
Kb8 Qh8+ 60. Kb7 Qh1 61. Kb8 Qb1 62. c7 Qxb5+ 63. Ka8 Qc6+ 64. Kb8 Qb6+ 65. Ka8
1/2-1/2

[Event "Lichtenberger Sommer 2024"]
[Site "Berlin"]
[Date "2024.08.16"]
[Round "7.6"]
[White "Herms Agullo, Jordi"]
[Black "Hesse, Henrik"]
[Result "1/2-1/2"]
[WhiteElo "2043"]
[BlackElo "2313"]
[PlyCount "87"]
[EventDate "2024.08.10"]
[WhiteTeam "Granollers Chess Club"]
[BlackTeam "SV Mattnetz Berlin e.V."]

1. d4 Nf6 2. Bg5 d5 3. Bxf6 exf6 4. e3 Bd6 5. g3 h5 6. h4 c6 7. Bg2 Qc7 8. Ne2
Bg4 9. b3 Nd7 10. c4 dxc4 11. bxc4 c5 12. Qb3 Bxe2 13. Kxe2 cxd4 14. exd4 O-O
15. Rd1 Rac8 16. c5 Nxc5 17. dxc5 Be5 18. Nc3 Qxc5 19. Rac1 Bxc3 20. Rd3 Rfe8+
21. Kf1 Ba5 22. Rcd1 Bb6 23. R1d2 Qe5 24. Bf3 Qe1+ 25. Kg2 Rc1 26. Bd1 Rc7 27.
Bxh5 Qe4+ 28. Bf3 Qf5 29. Rd8 Rce7 30. Rxe8+ Rxe8 31. Bxb7 g6 32. Qf3 Qxf3+ 33.
Bxf3 Re7 34. h5 Kg7 35. Rd6 f5 36. hxg6 fxg6 37. Bd1 Re1 38. Rd2 Kf6 39. Bb3 g5
40. Rd6+ Ke7 41. Rd5 Kf6 42. Rd6+ Ke7 43. Rd5 Kf6 44. Rd6+ 1/2-1/2

[Event "Lichtenberger Sommer 2024"]
[Site "Berlin"]
[Date "2024.08.16"]
[Round "7.7"]
[White "Tschernatsch, Johannes"]
[Black "Geldner, Gerrit"]
[Result "1-0"]
[WhiteElo "2264"]
[BlackElo "2009"]
[PlyCount "77"]
[EventDate "2024.08.10"]
[WhiteTeam "SV Babelsberg 03 e.V."]
[BlackTeam "SC Kreuzberg e.V."]

1. e4 c5 2. Nf3 Nc6 3. Nc3 d6 4. d4 cxd4 5. Nxd4 Nf6 6. Bc4 e6 7. Be3 Be7 8.
Qe2 Bd7 9. O-O-O O-O 10. Kb1 Na5 11. Bb3 Nxb3 12. axb3 a6 13. f4 Qa5 14. g4 Bc6
15. Nxc6 bxc6 16. g5 Nd7 17. h4 d5 18. f5 Bc5 19. f6 Bxe3 20. Qxe3 Qc5 21. Qh3
Rad8 22. fxg7 Kxg7 23. Rhf1 Ne5 24. Qg3 d4 25. Ne2 Qb5 26. Nf4 Kh8 27. Nh5 Nd7
28. Qf2 c5 29. Nf6 Qb8 30. Nxd7 Rxd7 31. Qf6+ Kg8 32. h5 Qd8 33. Qh6 d3 34. g6
fxg6 35. hxg6 dxc2+ 36. Kxc2 Rxf1 37. Rxf1 Qe8 38. gxh7+ Rxh7 39. Rg1+ 1-0

[Event "Lichtenberger Sommer 2024"]
[Site "Berlin"]
[Date "2024.08.16"]
[Round "7.8"]
[White "Rath, Alina"]
[Black "Reichmann, Felix"]
[Result "0-1"]
[WhiteElo "2020"]
[BlackElo "2171"]
[PlyCount "42"]
[EventDate "2024.08.10"]
[WhiteTeam "SK König Tegel 1949 e.V."]
[BlackTeam "SV Empor Berlin e.V."]

1. c4 Nf6 2. g3 g6 3. Bg2 d5 4. cxd5 Nxd5 5. Nc3 Nb6 6. Nf3 Bg7 7. O-O Nc6 8.
d3 O-O 9. Be3 h6 10. Qd2 Kh7 11. Rac1 e5 12. a3 Nd4 13. Qd1 a5 14. Ne4 Nd5 15.
Bxd4 exd4 16. Qc2 b6 17. b4 axb4 18. axb4 Ra7 19. b5 f5 20. Ned2 Nc3 21. Nb3
Ra2 0-1

[Event "Lichtenberger Sommer 2024"]
[Site "Berlin"]
[Date "2024.08.16"]
[Round "7.9"]
[White "Niehaus, Frank"]
[Black "Donath, Johann"]
[Result "1/2-1/2"]
[WhiteElo "2120"]
[BlackElo "2069"]
[PlyCount "38"]
[EventDate "2024.08.10"]
[WhiteTeam "SK König Tegel 1949 e.V."]
[BlackTeam "BSV 63 Chemie Weißensee"]

1. e4 c5 2. Nf3 d6 3. d4 cxd4 4. Nxd4 Nf6 5. Nc3 a6 6. Bg5 e6 7. f4 Be7 8. Qf3
Qc7 9. O-O-O Nbd7 10. Bd3 b5 11. Rhe1 Bb7 12. Qg3 h6 13. Bh4 g5 14. fxg5 Nh5
15. Qg4 hxg5 16. Bxg5 Ne5 17. Qh4 Ng6 18. Qg4 Ne5 19. Qh4 Ng6 1/2-1/2

[Event "Lichtenberger Sommer 2024"]
[Site "Berlin"]
[Date "2024.08.16"]
[Round "7.10"]
[White "Stark, Ingo"]
[Black "Sieglen, Joachim"]
[Result "0-1"]
[WhiteElo "2020"]
[BlackElo "2113"]
[PlyCount "88"]
[EventDate "2024.08.10"]
[WhiteTeam "TSG Oberschöneweide e.V."]
[BlackTeam "SC Untergrombach 46"]

1. e4 e6 2. d4 d5 3. Nc3 Bb4 4. e5 c5 5. a3 Bxc3+ 6. bxc3 Qa5 7. Bd2 Qa4 8. Qg4
Kf8 9. Nf3 Qxc2 10. dxc5 Ne7 11. h4 Nbc6 12. h5 h6 13. Be2 Qe4 14. Rh4 Qxg4 15.
Rxg4 g5 16. hxg6 Nxg6 17. Be3 Ncxe5 18. Nxe5 Nxe5 19. Rh4 Bd7 20. Kd2 f6 21.
Rah1 Nf7 22. Bxh6+ Nxh6 23. Rxh6 Rxh6 24. Rxh6 Kg7 25. Rh4 Rc8 26. Rb4 Rc7 27.
Bf3 Bc8 28. Kd3 Rxc5 29. c4 Rxc4 30. Rxc4 dxc4+ 31. Kxc4 Kf7 32. Kc5 Ke7 33. g3
Kd7 34. Bg2 Kc7 35. f4 b6+ 36. Kd4 Kd6 37. Be4 Bd7 38. Bd3 a5 39. Be2 b5 40. g4
Bc6 41. g5 fxg5 42. fxg5 e5+ 43. Ke3 b4 44. axb4 axb4 0-1

[Event "Lichtenberger Sommer 2024"]
[Site "Berlin"]
[Date "2024.08.16"]
[Round "7.11"]
[White "Krefenstein, Sergej"]
[Black "Schulz, Michael"]
[Result "0-1"]
[WhiteElo "2004"]
[BlackElo "2109"]
[PlyCount "68"]
[EventDate "2024.08.10"]
[WhiteTeam "TuS Makkabi Berlin e.V."]
[BlackTeam "SC Zitadelle Spandau 1977 e.V."]

1. d4 Nf6 2. Nf3 b5 3. Bf4 Bb7 4. e3 a6 5. Nbd2 Nh5 6. Bg5 h6 7. Bh4 g5 8. Bg3
d6 9. a4 bxa4 10. Rxa4 Bg7 11. Bd3 Nd7 12. Qe2 a5 13. c3 e6 14. O-O Nxg3 15.
hxg3 Bc6 16. Ra3 g4 17. Nh4 h5 18. e4 O-O 19. f3 Bf6 20. fxg4 Bxh4 21. gxh4
Qxh4 22. gxh5 Kg7 23. Rf3 Rh8 24. Rh3 Qf4 25. Ra1 Rag8 26. Rxa5 Kf8 27. Rf3 Qg4
28. Rf2 Qh4 29. Qf3 f5 30. Qf4 Qxh5 31. Re2 Qh1+ 32. Kf2 Rxg2+ 33. Ke3 Rh3+ 34.
Nf3 Qc1+ 0-1

[Event "Lichtenberger Sommer 2024"]
[Site "Berlin"]
[Date "2024.08.16"]
[Round "7.12"]
[White "Guenther, Thomas"]
[Black "Amelang, Thomas"]
[Result "1-0"]
[WhiteElo "1996"]
[BlackElo "2106"]
[PlyCount "113"]
[EventDate "2024.08.10"]
[WhiteTeam "vereinslos"]
[BlackTeam "Münchener SC 1836 e.V."]

1. d4 Nf6 2. Nf3 g6 3. c4 c5 4. d5 b5 5. cxb5 a6 6. bxa6 Bxa6 7. Nc3 d6 8. e4
Bxf1 9. Kxf1 Bg7 10. g3 Nbd7 11. Kg2 O-O 12. h3 Qb6 13. Re1 Ne8 14. Qc2 Nc7 15.
Rb1 Rfb8 16. Bf4 Nb5 17. Nxb5 Qxb5 18. b3 Ra3 19. Bc1 Ra6 20. Bg5 Qb7 21. a4
Rb6 22. Nd2 Ne5 23. Be3 e6 24. dxe6 fxe6 25. f4 Nd7 26. Nc4 Ra6 27. Kg1 d5 28.
Na3 Qc6 29. Nb5 Bf8 30. exd5 exd5 31. Bf2 Nf6 32. Kh2 Ne4 33. Bg1 g5 34. fxg5
Nxg5 35. Qf5 Ne4 36. Rbd1 Qg6 37. Qxg6+ Rxg6 38. Rxd5 Nd6 39. Rxc5 Nxb5 40.
Rxb5 Rc8 41. Rbe5 Kf7 42. Rf1+ Kg8 43. Re3 Bd6 44. Kg2 Rb8 45. Rd3 Bb4 46. Rf4
Rc6 47. Rg4+ Kf7 48. Re4 Kg6 49. h4 Rc2+ 50. Kh3 Rc1 51. Be3 Rb1 52. g4 Rb7 53.
h5+ Kf6 54. Bd4+ Kg5 55. Rf3 Bd2 56. Rf5+ Kh6 57. Re6# 1-0

[Event "Lichtenberger Sommer 2024"]
[Site "Berlin"]
[Date "2024.08.16"]
[Round "7.13"]
[White "Pixa, Richard"]
[Black "Hoffmann, Kay"]
[Result "0-1"]
[WhiteElo "2099"]
[BlackElo "2001"]
[PlyCount "30"]
[EventDate "2024.08.10"]
[WhiteTeam "SV Mattnetz Berlin e.V."]
[BlackTeam "Barnimer SF im SV Sta"]

1. e4 e5 2. Nf3 Nf6 3. d4 Nxe4 4. Bd3 Nc6 5. Nxe5 Nxe5 6. dxe5 Nc5 7. Bc4 d6 8.
Qf3 Ne6 9. exd6 Bxd6 10. O-O Qh4 11. h3 Qxc4 12. Na3 Qc6 13. Qg4 O-O 14. Bh6
Kh8 15. Be3 Nf4 0-1

[Event "Lichtenberger Sommer 2024"]
[Site "Berlin"]
[Date "2024.08.16"]
[Round "7.14"]
[White "Fartmann, Oliver"]
[Black "Witte, Ronald"]
[Result "1-0"]
[WhiteElo "2093"]
[BlackElo "1972"]
[PlyCount "115"]
[EventDate "2024.08.10"]
[WhiteTeam "SV Mattnetz Berlin e.V."]
[BlackTeam "BSV 63 Chemie Weißensee"]

1. d4 d5 2. c4 e6 3. Nf3 Nf6 4. Nc3 c5 5. cxd5 cxd4 6. Qxd4 exd5 7. Bg5 Be7 8.
e3 O-O 9. Qa4 Nc6 10. Bb5 Bd7 11. O-O a6 12. Bxc6 bxc6 13. Ne5 h6 14. Bxf6 Bxf6
15. Nxd7 Qxd7 16. Rfd1 Qb7 17. Qc2 Rab8 18. b3 c5 19. Rac1 Bxc3 20. Qxc3 Rbc8
21. h3 Rfd8 22. Qe5 Qc6 23. Rd2 Rd7 24. Qf5 Qe6 25. Qg4 Qxg4 26. hxg4 Kf8 27.
e4 d4 28. Kf1 Ke7 29. Ke2 Ke6 30. Kd3 Rb7 31. Rdc2 Kd6 32. Rc4 Rc6 33. Rh1 a5
34. Rh5 Rb5 35. Rxd4+ cxd4 36. Rxb5 a4 37. bxa4 Rc3+ 38. Kxd4 Rc2 39. Rf5 Ke6
40. a5 Rxa2 41. Kc4 g6 42. Kb3 Ra1 43. Rb5 Kd6 44. Rb6+ Ke5 45. Kb4 Ra2 46. f3
Ra1 47. a6 Kf4 48. Kb5 Kg3 49. Rf6 Kxg2 50. Rxf7 h5 51. gxh5 gxh5 52. e5 h4 53.
e6 h3 54. e7 h2 55. e8=Q h1=Q 56. Qe2+ Kg3 57. Rg7+ Kf4 58. Qe4# 1-0

[Event "Lichtenberger Sommer 2024"]
[Site "Berlin"]
[Date "2024.08.16"]
[Round "7.15"]
[White "Kaushik, Siya"]
[Black "Jahn, Thomas"]
[Result "1-0"]
[WhiteElo "1608"]
[BlackElo "2165"]
[PlyCount "91"]
[EventDate "2024.08.10"]
[WhiteTeam "vereinslos"]
[BlackTeam "SV Empor Berlin e.V."]

1. e4 e5 2. Nf3 Nc6 3. Bb5 a6 4. Ba4 d6 5. O-O Bd7 6. c3 Nf6 7. Re1 g6 8. h3
Bg7 9. d4 b5 10. Bb3 O-O 11. Nbd2 Re8 12. a4 Qe7 13. Ng5 Rf8 14. axb5 Nb8 15.
bxa6 Rxa6 16. Rxa6 Nxa6 17. Bc4 Bc8 18. Qa4 Nb8 19. Qb3 Nbd7 20. Nf1 exd4 21.
cxd4 c5 22. dxc5 Nxc5 23. Qc2 h6 24. Nxf7 Rxf7 25. Bxf7+ Qxf7 26. b4 Qb3 27.
Qxb3+ Nxb3 28. Bf4 Bb7 29. Ng3 Ne8 30. Rd1 h5 31. Bxd6 h4 32. Ne2 Bxe4 33. Be7
Nf6 34. Nd4 Nxd4 35. Rxd4 Bf5 36. Rxh4 Ne4 37. Rf4 Nc3 38. Rc4 Bd3 39. Rc6 Ne2+
40. Kh1 Nf4 41. Bg5 Ne2 42. Rd6 Bf5 43. b5 Kf7 44. b6 Be5 45. Rd8 Be4 46. b7
1-0

[Event "Lichtenberger Sommer 2024"]
[Site "Berlin"]
[Date "2024.08.16"]
[Round "7.16"]
[White "Buttkus, Andre"]
[Black "Hommel, Niclas"]
[Result "0-1"]
[WhiteElo "2005"]
[BlackElo "2111"]
[PlyCount "60"]
[EventDate "2024.08.10"]
[WhiteTeam "SK Tempelhof 1931 e.V."]
[BlackTeam "TSG Oberschöneweide e.V."]

1. d4 Nf6 2. Nf3 g6 3. g3 Bg7 4. Bg2 O-O 5. O-O d5 6. Bf4 c5 7. dxc5 Na6 8. c4
dxc4 9. Qc2 Nxc5 10. Qxc4 b6 11. Nc3 Bb7 12. Rfd1 Qe8 13. a4 Rc8 14. Qa2 Nfe4
15. Nxe4 Nxe4 16. Ng5 Nc5 17. Bxb7 Nxb7 18. Rac1 Rxc1 19. Rxc1 Nc5 20. a5 Qb5
21. axb6 axb6 22. Be3 Qxe2 23. Qc4 Qxb2 24. Rd1 e6 25. Nxf7 Rxf7 26. Rd8+ Bf8
27. Bh6 Qxf2+ 28. Kh1 Qf1+ 29. Qxf1 Rxf1+ 30. Kg2 Rf7 0-1

[Event "Lichtenberger Sommer 2024"]
[Site "Berlin"]
[Date "2024.08.16"]
[Round "7.17"]
[White "Matviienko, Mykhailo"]
[Black "Argote, Carlos David"]
[Result "1-0"]
[WhiteElo "2102"]
[BlackElo "1941"]
[PlyCount "167"]
[EventDate "2024.08.10"]
[WhiteTeam "SK Zehlendorf e.V."]
[BlackTeam "SK Zehlendorf e.V."]

1. c4 Nf6 2. g3 g6 3. b3 Bg7 4. Bb2 d6 5. Bg2 O-O 6. d4 Nc6 7. d5 Na5 8. Nd2 c5
9. dxc6 Nxc6 10. Ngf3 h6 11. O-O Be6 12. e4 Qd7 13. Re1 Nb4 14. Nb1 a5 15. Nc3
Bh3 16. Bh1 Ng4 17. Qd2 Qd8 18. Rad1 Ne5 19. Nxe5 Bxe5 20. Qxh6 Be6 21. Qd2 Kg7
22. Nd5 Nc6 23. f4 Bxb2 24. Qxb2+ f6 25. a3 Bh3 26. Qf2 e5 27. Nc3 Qe7 28. Nb5
Rad8 29. f5 Rh8 30. Rd3 Bg4 31. Bf3 gxf5 32. Bxg4 fxg4 33. Red1 Rh5 34. Qd2
Rdh8 35. Nxd6 Nd4 36. Rxd4 exd4 37. Nf5+ Rxf5 38. exf5 Qe3+ 39. Qxe3 dxe3 40.
Rd4 Re8 41. Rxg4+ Kf7 42. Kf1 e2+ 43. Ke1 Re3 44. b4 a4 45. Rh4 Kg7 46. Rg4+
Kf7 47. Rh4 Kg7 48. c5 Rxa3 49. b5 Rc3 50. Rxa4 Rxc5 51. b6 Rb5 52. Kxe2 Rxb6
53. Kf3 Rb1 54. Kg4 Kh6 55. Kh4 b5 56. Ra6 Kg7 57. Kh5 b4 58. Ra7+ Kf8 59. Kg6
b3 60. Kxf6 Ke8 61. g4 b2 62. Re7+ Kd8 63. Rb7 Rg1 64. Rxb2 Rxg4 65. Kf7 Rh4
66. Rd2+ Kc7 67. f6 Rg4 68. Kf8 Rg6 69. f7 Rg4 70. Rd5 Kc6 71. Ke7 Re4+ 72. Kd8
Rf4 73. Rd7 Rf5 74. Ke8 Rf2 75. Re7 Kd6 76. f8=Q Rxh2 77. Rh7+ Ke6 78. Rxh2 Ke5
79. Re2+ Kd5 80. Qf1 Kd4 81. Qd1+ Kc3 82. Rc2+ Kb3 83. Qb1+ Ka3 84. Ra2# 1-0

[Event "Lichtenberger Sommer 2024"]
[Site "Berlin"]
[Date "2024.08.16"]
[Round "7.18"]
[White "Kutschke, Jens"]
[Black "Pererva, Viktor"]
[Result "1-0"]
[WhiteElo "1965"]
[BlackElo "2100"]
[PlyCount "189"]
[EventDate "2024.08.10"]
[WhiteTeam "SF Berlin 1903 e.V."]
[BlackTeam "SV Mattnetz Berlin e.V."]

1. e4 e5 2. Nf3 Nf6 3. Nxe5 d6 4. Nf3 Nxe4 5. d4 d5 6. Bd3 Bd6 7. O-O O-O 8. c4
c6 9. Nc3 Nxc3 10. bxc3 dxc4 11. Bxc4 Bf5 12. Re1 Nd7 13. Bg5 Qc7 14. Be7 Bxe7
15. Rxe7 Qd6 16. Re3 b5 17. Bd3 Bxd3 18. Qxd3 Rae8 19. Rae1 Nf6 20. Rxe8 Rxe8
21. Rxe8+ Nxe8 22. Ne5 Qe6 23. Qc2 f6 24. Nf3 Kf7 25. a4 g6 26. h3 Qc4 27. axb5
cxb5 28. Nd2 Qd5 29. Nb3 Nd6 30. Qb2 Nc4 31. Qa1 Qb7 32. Qa2 a5 33. Nd2 Qd5 34.
Nxc4 bxc4 35. Qa4 g5 36. f3 h5 37. Kf2 h4 38. Kf1 Ke7 39. Kf2 Kd8 40. Ke2 f5
41. Qa3 Ke8 42. Qb2 Kf7 43. Qb8 Kf6 44. Qf8+ Kg6 45. Qe8+ Kf6 46. Kd2 Qd6 47.
Qh8+ Kg6 48. Qg8+ Kf6 49. Qxc4 Qg3 50. Qa6+ Kf7 51. Qe2 Qb8 52. Kc2 Qb6 53. Qe5
Kg6 54. Qe8+ Kh7 55. f4 gxf4 56. Qe5 Kg6 57. Qxf4 a4 58. Qd2 a3 59. Kc1 Qb3 60.
Qc2 Qc4 61. Kb1 Kf6 62. Ka1 Kg6 63. Qd2 Kf6 64. Qh6+ Kf7 65. Qh7+ Ke8 66. Qg6+
Ke7 67. Qg7+ Ke8 68. Qe5+ Kf7 69. Qxf5+ Kg7 70. Qg5+ Kf7 71. Qf4+ Kg7 72. Qg4+
Kf7 73. Qd7+ Kf6 74. Qd6+ Kf7 75. Qf4+ Kg7 76. Qg5+ Kf7 77. Qd2 Ke7 78. Qc2 Kf6
79. Qf2+ Kg6 80. Qd2 Kf6 81. d5 Ke7 82. Qe3+ Kd8 83. Qb6+ Kd7 84. Qc6+ Qxc6 85.
dxc6+ Kxc6 86. Ka2 Kc5 87. Kxa3 Kc4 88. Kb2 Kd3 89. Kb3 Ke3 90. c4 Kf2 91. c5
Kxg2 92. c6 Kxh3 93. c7 Kg2 94. c8=Q h3 95. Qg4+ 1-0

[Event "Lichtenberger Sommer 2024"]
[Site "Berlin"]
[Date "2024.08.16"]
[Round "7.19"]
[White "Vogel, Robert"]
[Black "Beduschi, Ben"]
[Result "1/2-1/2"]
[WhiteElo "2079"]
[BlackElo "1941"]
[PlyCount "94"]
[EventDate "2024.08.10"]
[WhiteTeam "SK München Südost e.V."]
[BlackTeam "Barnimer SF im SV Sta"]

1. d4 Nf6 2. Nf3 e6 3. g3 d5 4. Bg2 Be7 5. O-O O-O 6. b3 b6 7. Bb2 Bb7 8. Nbd2
Nbd7 9. c4 dxc4 10. Nxc4 c5 11. Rc1 b5 12. Nce5 Nxe5 13. Nxe5 Bxg2 14. Kxg2
Qd5+ 15. Kg1 Rac8 16. dxc5 Rxc5 17. Qxd5 Rxd5 18. Nc6 Bc5 19. b4 Bd6 20. Rfd1
a6 21. a3 h6 22. e3 Kh7 23. Bxf6 gxf6 24. Rxd5 exd5 25. Nd4 Be5 26. Rc6 Ra8 27.
Kf1 Kg6 28. Ke2 a5 29. Nxb5 axb4 30. axb4 Ra4 31. Rc5 Rxb4 32. Rxd5 Rb2+ 33.
Kf3 h5 34. h4 Rb3 35. Nd4 Bxd4 36. Rxd4 f5 37. Rd8 f6 38. Kf4 Rb4+ 39. Rd4 Rb2
40. f3 Rb1 41. Rd6 Rb4+ 42. e4 fxe4 43. fxe4 Ra4 44. Re6 Rb4 45. g4 hxg4 46.
h5+ Kxh5 47. Rxf6 Rb1 1/2-1/2

[Event "Lichtenberger Sommer 2024"]
[Site "Berlin"]
[Date "2024.08.16"]
[Round "7.20"]
[White "Tomin, Bogdan"]
[Black "Schulz, Jannis"]
[Result "0-1"]
[WhiteElo "2072"]
[BlackElo "1897"]
[PlyCount "96"]
[EventDate "2024.08.10"]
[WhiteTeam "SF Berlin 1903 e.V."]
[BlackTeam "Barnimer SF im SV Sta"]

1. e4 c6 2. d4 d5 3. Nc3 dxe4 4. Nxe4 Nf6 5. Ng3 Bg4 6. Qd3 Qc7 7. h3 Bh5 8.
Nxh5 Nxh5 9. Qf3 Nf6 10. Bf4 Qb6 11. O-O-O e6 12. Bc4 Nbd7 13. g4 Be7 14. Kb1
h6 15. Ne2 Nd5 16. Bc1 Qc7 17. Bb3 b5 18. h4 g6 19. Nc3 N7b6 20. Rhe1 a5 21.
Bxd5 Nxd5 22. Nxd5 cxd5 23. Bf4 Qc6 24. Be5 Rg8 25. Qe3 Rc8 26. Re2 g5 27. hxg5
hxg5 28. Qh3 Qc4 29. Red2 Kd7 30. Qh7 a4 31. Qd3 f6 32. Bg3 Rh8 33. Qe3 Rc6 34.
Re2 a3 35. b3 Qc3 36. Qxc3 Rxc3 37. Rde1 Rc6 38. Re3 Bb4 39. Rd1 Bc3 40. Kc1
Bb2+ 41. Kd2 Rhc8 42. Ke2 Rxc2+ 43. Kf3 Rc1 44. Rd2 b4 45. Kg2 R8c2 46. Ree2
Rxd2 47. Rxd2 Bc3 48. Rd3 Rc2 0-1

[Event "Lichtenberger Sommer 2024"]
[Site "Berlin"]
[Date "2024.08.16"]
[Round "7.21"]
[White "Schmidt, Fabian"]
[Black "Verbitsky, Jaroslaw"]
[Result "0-1"]
[WhiteElo "1934"]
[BlackElo "2049"]
[PlyCount "164"]
[EventDate "2024.08.10"]
[WhiteTeam "SV Königsjäger Süd-West e.V."]
[BlackTeam "SV Mattnetz Berlin e.V."]

1. e4 c6 2. d4 d5 3. Nd2 dxe4 4. Nxe4 Nf6 5. Qd3 Nxe4 6. Qxe4 Qd5 7. Bd3 Qxe4+
8. Bxe4 Be6 9. Ne2 Bd5 10. Nc3 Bxe4 11. Nxe4 Nd7 12. O-O g6 13. Re1 e6 14. Bf4
Be7 15. Bd6 Nf6 16. Be5 Nxe4 17. Bxh8 Nd6 18. Be5 Nc4 19. b3 Na3 20. Re2 b5 21.
c3 O-O-O 22. Rd1 h5 23. Bf4 a5 24. Bc1 Kc7 25. g3 a4 26. Rd3 axb3 27. axb3 b4
28. c4 Bf8 29. Bg5 Rd7 30. Bf6 Nb1 31. Ra2 Kb7 32. Ra5 Nc3 33. f3 c5 34. Kf2
Bd6 35. Ke1 Bc7 36. Rxc5 Bb6 37. Rg5 Kc6 38. Rd2 Ra7 39. d5+ exd5 40. cxd5+ Kd6
41. Be5+ Ke7 42. Bxc3 bxc3 43. Rc2 Kd6 44. f4 Bd4 45. Ke2 Bf6 46. Kd3 Re7 47.
Re5 Bxe5 48. fxe5+ Kxd5 49. Rxc3 Rb7 50. Ke3 Kxe5 51. Rc5+ Kd6 52. Rc3 Ke5 53.
Rc5+ Kf6 54. Rc3 Kg5 55. Kf3 h4 56. Re3 Rb5 57. Ke2 Ra5 58. Kd3 Ra3 59. Kc4 Ra2
60. h3 Rc2+ 61. Kd4 Rb2 62. Kc3 Rb1 63. b4 f5 64. Kc4 Kf6 65. b5 hxg3 66. Rxg3
f4 67. Rf3 Ke5 68. Rf2 Ke4 69. Rg2 Kf5 70. Kc5 Rh1 71. b6 Rxh3 72. Rb2 Rh8 73.
b7 Rb8 74. Kd6 f3 75. Kc7 Rxb7+ 76. Rxb7 g5 77. Kc6 g4 78. Kd5 g3 79. Kd4 f2
80. Rb8 g2 81. Rf8+ Kg4 82. Rg8+ Kf3 0-1

[Event "Lichtenberger Sommer 2024"]
[Site "Berlin"]
[Date "2024.08.16"]
[Round "7.22"]
[White "Bongardt, Livius"]
[Black "Asatryan, Tigran"]
[Result "0-1"]
[WhiteElo "1875"]
[BlackElo "2036"]
[PlyCount "52"]
[EventDate "2024.08.10"]
[WhiteTeam "TSG Oberschöneweide e.V."]
[BlackTeam "vereinslos"]

1. e4 b6 2. d4 Bb7 3. Nc3 e6 4. Bd3 Nf6 5. Nge2 c5 6. e5 cxd4 7. Nxd4 Nd5 8.
Nxd5 Bxd5 9. O-O Nc6 10. Nxc6 Bxc6 11. Qg4 h5 12. Qe2 h4 13. h3 Qc7 14. f4
O-O-O 15. a4 a5 16. c3 Be7 17. Be3 g5 18. Rfb1 gxf4 19. Bxf4 f5 20. Rf1 Rdg8
21. Rf2 Bc5 22. Be3 Qxe5 23. Bxc5 Qxc5 24. Kh2 Rg3 25. Bc2 Rhg8 26. Rg1 Re3 0-1